000 02840nam0a22004451 4500
001 v19\rc\2110997
005 20260406145936.0
035 _a(NLR Aleph) 005185998
090 _a5166325
_c5166325
100 _a20090914d1813 |||y0rusy50 ca
101 0 _arus
102 _aRU
135 _acrcn 024anaba
200 1 _aТень Людовика XVI на берегах Москвы реки, 5 сентября 1812 года.
_fСочинение Московскаго жителя
210 _aКазань
_cв Университетской типографии
_d1813
215 _a8 с.
_d
300 _aАвт. установлен по изд.: Масанов. Словарь псевдонимов. Т. 2. М., 1957
300 _aЦенз.: Г.Н.Городчанинов, 4 февр. 1813 г.
316 _aЭкз. РНБ (18.232.4.65) в обл. из серой бумаги. На 1-й и 2-й с. обл. ярлык с шифром РНБ. На 3-й с. обл. штамп дезинфекции 1951 г. На 4-й с. обл. экслибрис рус. фонда РНБ с шифром. Обл. надорвана. На тит. л. круглый штамп ГПБ и техн. пометы. На с.8 круглый штамп ГПБ. Размер: 20,0х12,3х0,2 см.
_5NLR: 18.232.4.65
321 1 _aСК 1801-1825 3290
325 _aКопия доступна в Электрон. б-ке РНБ
532 1 1 _aТень Людовика Шестнадцатого на берегах Москвы реки, 5 сентября 1812 года
620 _dКазань
700 1 _9z01790
_aКалайдович
_bП.Ф.
_f1791-1839
_gПетр Федорович
702 0 _4570
_7ca
_8rus
_aЛюдовик
_cкороль французский
_dXVI
_f1754-1793
_9157479
_3RU\NLR\AUTH\770157519
702 1 _4190
_8rus
_7ca
_aГородчанинов
_bГ. Н.
_f1772-1852
_gГригорий Николаевич
_3RU\NLR\AUTH\77127168
_9110092
712 0 2 _4610
_aКазанский императорский университет
_bТипография
_3RU\NLR\AUTH\889925346
_9346468
790 0 _9z01700
_aМосковский житель
_f1791-1839
801 0 _aRU
_bNLR
_gpsbo
801 1 _aRU
_bProSoft-M
_2rusmarc
801 2 _aRU
_bNLR
_c20151023
_2rusmarc
852 _aNLR
_j18.232.4.65
942 _cBOOK
980 _aNB
981 3 3 _a(33) Художественная литература
_b(33) Отечественная литература
981 2 0 _a(20) Книжные памятники РНБ
_b(20) Русский книжный фонд